| 000 | 00422 a2200145 4500 | ||
|---|---|---|---|
| 005 | 20250620103703.0 | ||
| 020 | _a-13:978-93-392-0313-9 | ||
| 082 | _a658.15CHA | ||
| 100 | _aCHANDRA. P | ||
| 245 | _aFundamentals of Financial Management | ||
| 250 | _a7th Ed. | ||
| 260 |
_aGreen Park Extension, _bCHANDRA. P, _c2014. |
||
| 300 |
_axviii, 30.12p,; ill, figure & table _bAppendices, Indexes, Glossary _c24cm |
||
| 942 |
_2ddc _cBKS |
||
| 999 |
_c4511 _d4511 |
||